| 000 | 00336nam a2200121Ia 4500 | ||
|---|---|---|---|
| 008 | 230907s9999||||xx |||||||||||||| ||und|| | ||
| 082 |
_a660.0685 _bTOW |
||
| 100 |
_aTowler, Gavin P. _9115502 |
||
| 245 | 0 | _aChemical engineering design : | |
| 260 |
_aButterworth-Heinemann, _bBoston, MA : _c2013 |
||
| 300 | _axvi, 1303 p. : | ||
| 942 | _cBK | ||
| 999 |
_c598587 _d598587 |
||